Movies Quiz

Random Movies or Actress Quiz

Every Single Best Actress Nominee Quiz Stats

 Plays Quiz Updated Jan 23, 2018

Challenge
Share
Tweet
Embed
Score 0/224 Timer 20:00
8 Plays Today
Actress % Correct
Meryl Streep
94.3%
Bette Davis
92.6%
Viola Davis
92.4%
Geena Davis
91.7%
Audrey Hepburn
91.7%
Katharine Hepburn
91.2%
Judy Davis
91.2%
Julia Roberts
88.6%
Maggie Smith
88.5%
Amy Adams
88.1%
Jennifer Jones
86.7%
Halle Berry
86.3%
Julianne Moore
86.2%
Kate Winslet
86%
Rachel Roberts
85.9%
Felicity Jones
85.5%
Mary Tyler Moore
85%
Julie Andrews
84.9%
Elizabeth Taylor
84.7%
Vivien Leigh
84.2%
Grace Moore
84.2%
Judi Dench
84%
Helen Hunt
83.9%
Nicole Kidman
83.4%
Jane Fonda
82.2%
Cate Blanchett
82.2%
Grace Kelly
81.5%
Diane Keaton
81.3%
Sandra Bullock
81.2%
Emma Stone
81%
Holly Hunter
80.9%
Jodie Foster
80.6%
Sally Field
80.4%
Emma Thompson
80.3%
Renée Zellweger
80%
Natalie Wood
80%
Susan Sarandon
79.9%
Nancy Kelly
79.8%
Ingrid Bergman
79.7%
Joan Crawford
79.5%
Judy Garland
79.5%
Helen Mirren
79%
Cher
78.9%
Glenda Jackson
78.9%
Gwyneth Paltrow
77.9%
Kathy Bates
77.4%
Shirley MacLaine
77.4%
Jennifer Lawrence
76.6%
Barbra Streisand
76.6%
Charlize Theron
76.3%
Reese Witherspoon
76.1%
Faye Dunaway
75.7%
Angelina Jolie
75.5%
Natalie Portman
75.3%
Hilary Swank
75%
Michelle Williams
74.6%
Jessica Lange
74.5%
Anne Bancroft
74.4%
Liza Minnelli
74.4%
Olivia de Havilland
74.3%
Sharon Stone
74.2%
Sophia Loren
73.9%
Anne Hathaway
73.8%
Greta Garbo
73.3%
Joan Allen
73.1%
Sissy Spacek
73%
Annette Bening
73%
Geraldine Page
72.6%
Ellen Page
72.6%
Helena Bonham Carter
72%
Glenn Close
72%
Penélope Cruz
71.9%
Marion Cotillard
71.7%
Jessica Tandy
71.6%
Vanessa Redgrave
71.5%
Actress % Correct
Frances McDormand
71.2%
Lynn Redgrave
71.1%
Loretta Young
70.7%
Joan Fontaine
70.6%
Whoopi Goldberg
70.2%
Joanne Woodward
69.8%
Greer Garson
69.8%
Lana Turner
69.2%
Kathleen Turner
69.1%
Kristin Scott Thomas
68.9%
Celia Johnson
68.9%
Ellen Burstyn
68.7%
Sigourney Weaver
68.7%
Goldie Hawn
68.6%
Ginger Rogers
68.4%
Keira Knightley
67.3%
Emily Watson
67%
Claudette Colbert
66.2%
Doris Day
65.9%
Helen Hayes
65.7%
Debra Winger
65.5%
Juliette Binoche
65.3%
Deborah Kerr
65.3%
Shelley Winters
64.9%
Julie Christie
64.7%
Bette Midler
64.7%
Anjelica Huston
64.6%
Debbie Reynolds
64.4%
Michelle Pfeiffer
64.2%
Louise Fletcher
64.1%
Salma Hayek
64%
Naomi Watts
63.9%
Diana Ross
63.3%
Ava Gardner
63.1%
Jane Wyman
62.9%
Winona Ryder
62.5%
Brie Larson
62.4%
Angela Bassett
62.3%
Anne Baxter
62.2%
Barbara Stanwyck
62%
Laura Dern
61.3%
Mary Pickford
61.2%
Miranda Richardson
61.2%
Jessica Chastain
61.1%
Susan Hayward
61%
Melanie Griffith
60.9%
Teresa Wright
60.7%
Marlee Matlin
60.4%
Diane Lane
60.1%
Jane Alexander
59.7%
Marlene Dietrich
59.6%
Julie Harris
59.4%
Gloria Swanson
59%
Ann-Margret
58.7%
Patricia Neal
58.7%
Laura Linney
58.6%
Isabelle Adjani
58.6%
Corinne Griffith
58.3%
Janet Gaynor
58.2%
Talia Shire
58.1%
Rosalind Russell
57.8%
Catherine Deneuve
57.8%
Julie Walters
57.7%
Melissa Leo
57.5%
Dorothy Dandridge
57.4%
Marie Dressler
57.2%
Eleanor Parker
57.1%
Anouk Aimee
55.8%
Marsha Mason
55.7%
Simone Signoret
55.7%
Luise Rainer
55.7%
Diahann Carroll
55.6%
Keisha Castle-Hughes
55.5%
Nancy Carroll
55.4%
Judy Holliday
55.3%
Actress % Correct
Gabourey Sidibe
55.1%
Jean Arthur
54.9%
Irene Dunne
54.6%
Felicity Huffman
54.6%
Carroll Baker
54.2%
Catalina Sandino Moreno
54%
Cicely Tyson
53.9%
Sally Hawkins
53.8%
Elisabeth Shue
53.7%
Shirley Booth
53.4%
Brenda Blethyn
53.3%
Edith Evans
53.3%
Norma Shearer
53.1%
Margot Robbie
53%
Stockard Channing
52.9%
Quvenzhané Wallis
52.9%
Jean Simmons
52.3%
Pauline Collins
52.1%
Leslie Caron
51.7%
Carey Mulligan
51.4%
Liv Ullmann
51.2%
Rooney Mara
51%
Imelda Staunton
50.8%
Ali MacGraw
50.7%
Martha Scott
50.6%
Isabelle Huppert
50.4%
Lynn Fontanne
50.2%
Anna Magnani
50.1%
Saoirse Ronan
50%
Carole Lombard
49.9%
Samantha Morton
49.7%
Mary McDonnell
49.6%
Janet McTeer
48.9%
Louise Dresser
48.8%
Gena Rowlands
48%
Carol Kane
47.3%
Fay Bainter
46.7%
Gene Tierney
46.4%
Jill Clayburgh
46.1%
Ruth Negga
45.7%
Genevieve Bujold
45.6%
Sarah Miles
45.6%
Wendy Hiller
45.5%
Merle Oberon
45.4%
Samantha Eggar
45.2%
Rosamund Pike
44.8%
Emmanuelle Riva
43.8%
Diana Wynyard
43.6%
Piper Laurie
43.6%
Miriam Hopkins
43.5%
Fernanda Montenegro
43.1%
Lee Remick
43%
Carrie Snodgress
42.7%
Dorothy McGuire
42.5%
Margaret Sullavan
42.5%
Sally Kirkland
41.8%
Charlotte Rampling
41.6%
Kim Stanley
40.5%
Bessie Love
40.4%
Marie-Christine Barrault
40%
Jeanne Crain
40%
Maggie McNamara
39.8%
Melina Mercouri
39.3%
Janet Suzman
39.1%
Jeanne Eagels
38.6%
Valerie Perrine
38.4%
Elisabeth Bergner
37.8%
Elizabeth Hartman
37.8%
Ruth Chatterton
37.5%
Gladys George
37.5%
Ida Kaminska
36.5%
May Robson
35.7%
Ann Harding
33.7%
Betty Compson
33.4%

You're not logged in!

Compare scores with friends on all Sporcle quizzes.
OR
Log In

You Might Also Like...

Show Comments

Extras

Top Quizzes Today


Score Distribution

Your Account Isn't Verified!

In order to create a playlist on Sporcle, you need to verify the email address you used during registration. Go to your Sporcle Settings to finish the process.

Report this User

Report this user for behavior that violates our Community Guidelines.

Details: